| 000 | 00957nam a2200289 i 4500 | ||
|---|---|---|---|
| 001 | 176066 | ||
| 003 | ES-MaACL | ||
| 005 | 20230906215958.0 | ||
| 007 | t| | ||
| 008 | 101214s1974 mx ||||1| spa d | ||
| 080 | _a616.895.8 | ||
| 100 | 1 |
_aLaing, Ronald David. _969695 |
|
| 245 | 1 | 3 |
_aEl yo y los otros / _cR. D. Laing ; [traducción de Daniel Jiménez Castillejo]. |
| 250 | _a1ª ed. en español. | ||
| 260 |
_aMéxico : _bFondo de Cultura Económica, _c1974. |
||
| 300 |
_a187 p. ; _c21 cm. |
||
| 490 | 1 | _aBiblioteca de Psicología y Psicoanálisis | |
| 500 | _aÍndice. | ||
| 504 | _aBibliografía: p. 175-178. | ||
| 594 | _aTít. original: Self and Others. | ||
| 650 | 1 | 4 |
_aEsquizofrenia. _912510 |
| 700 | 0 |
_aJiménez Castillejo, Daniel. _966479 |
|
| 710 | 2 |
_aFondo de Cultura Económica (México) _9144068 |
|
| 830 | 0 |
_aBiblioteca de Psicología y Psicoanálisis _9179941 |
|
| 852 |
_aES-MaACL _jE-13802 |
||
| 999 |
_c176066 _d176066 |
||